Productivity agreements, worker motivation and sharing the gains of productivity

Contents: Report on the Symposium; summary of discussions; statement Adopted at the symposium.

保存先:
書誌詳細
フォーマット: 図書
言語:Undetermined
出版事項: Tokyo Asian Productivity Organization 1976
主題:
タグ: タグ追加
タグなし, このレコードへの初めてのタグを付けませんか!
Thư viện lưu trữ: Trung tâm Học liệu Trường Đại học Cần Thơ
LEADER 00692nam a2200181Ia 4500
001 CTU_222162
008 210402s9999 xx 000 0 und d
082 |a 331.118 
082 |b P964 
245 0 |a Productivity agreements, worker motivation and sharing the gains of productivity 
245 0 |c Edited by B. N. Datar 
260 |a Tokyo 
260 |b Asian Productivity Organization 
260 |c 1976 
520 |a Contents: Report on the Symposium; summary of discussions; statement Adopted at the symposium. 
650 |a Wages and labor productivity,Tiền lương và năng suất lao động 
904 |i Tuyến 
980 |a Trung tâm Học liệu Trường Đại học Cần Thơ